<?xml version="1.0" encoding="UTF-8"?>
<collection xmlns="http://www.loc.gov/MARC21/slim">
    <record>
        <controlfield tag="001">69683</controlfield>
        <controlfield tag="005">20190529115239.0</controlfield>
        <datafield tag="024" ind1="7" ind2=" ">
            <subfield code="2">doi</subfield>
            <subfield code="a">10.22489/CinC.2017.224-267</subfield>
        </datafield>
        <datafield tag="024" ind1="8" ind2=" ">
            <subfield code="2">sideral</subfield>
            <subfield code="a">105206</subfield>
        </datafield>
        <datafield tag="037" ind1=" " ind2=" ">
            <subfield code="a">ART-2017-105206</subfield>
        </datafield>
        <datafield tag="041" ind1=" " ind2=" ">
            <subfield code="a">eng</subfield>
        </datafield>
        <datafield tag="100" ind1=" " ind2=" ">
            <subfield code="0">(orcid)0000-0003-4130-5866</subfield>
            <subfield code="a">Ramírez</subfield>
            <subfield code="u">Universidad de Zaragoza</subfield>
        </datafield>
        <datafield tag="245" ind1=" " ind2=" ">
            <subfield code="a">Comparison of ECG T-wave Duration and Morphology Restitution Markers for Sudden Cardiac Death Prediction in Chronic Heart Failure</subfield>
        </datafield>
        <datafield tag="260" ind1=" " ind2=" ">
            <subfield code="c">2017</subfield>
        </datafield>
        <datafield tag="506" ind1="0" ind2=" ">
            <subfield code="a">Access copy available to the general public</subfield>
            <subfield code="f">Unrestricted</subfield>
        </datafield>
        <datafield tag="520" ind1="3" ind2=" ">
            <subfield code="a">An index of T-wave morphology restitution, TMR, has previously shown to be a sudden cardiac death (SCD) predictor in a population of chronic heart failure (CHF) patients. The aim of this study is to compare the predictive value of TMR, T-wave width restitution (TWR), Tpeak-to-end (Tpe) morphology restitution (TpeMR) and Tpe duration restitution (T peR) indices in the same CHF population. Holter ECG recordings from 651 CHF patients of the MUSIC study, including SCD victims and survivors, were analyzed. TMR was significantly correlated with T W R (¿=0.66), T peM R (¿=0.70) and T peR (¿=0.42). SCD victims showed significantly higher values of TMR, TWR and TpeMR than the rest of patients, with T M R being the index most strongly associated with SCD (p=0.002, p=0.006 and p=0.011, respectively). T peR values were only borderline significantly higher in SCD victims (p=0.061). Univariate Cox analysis showed that T M R was the restitution index with the strongest predictive value (hazard ratio (HR) of 1.466, p&lt;0.001), followed by TWR (HR of 1.295, p=0.005), TpeR (HR of 1.297, p=0.004) and T peM R (HR of 1.164, p=0.020). In conclusion, considering the predictive value of the four Twave restitution indices, TMR is the preferred index for SCD risk stratification, followed by TpeMR. However, the marker TWR could also be used for SCD prediction when computational efficiency is an issue.</subfield>
        </datafield>
        <datafield tag="536" ind1=" " ind2=" ">
            <subfield code="9">info:eu-repo/grantAgreement/ES/MINECO/DPI2016-75458-R</subfield>
            <subfield code="9">This project has received funding from the European Union’s Horizon 2020 research and innovation program under grant agreement No H2020 638284-MODELAGE</subfield>
            <subfield code="9">info:eu-repo/grantAgreement/EC/H2020/638284/EU/Is your heart aging well? A systems biology approach to characterize cardiac aging from the cell to the body surface/MODELAGE</subfield>
            <subfield code="9">info:eu-repo/grantAgreement/ES/MINECO/TIN2013-41998-R</subfield>
        </datafield>
        <datafield tag="540" ind1=" " ind2=" ">
            <subfield code="9">info:eu-repo/semantics/openAccess</subfield>
            <subfield code="a">by-nc-nd</subfield>
            <subfield code="u">http://creativecommons.org/licenses/by-nc-nd/3.0/es/</subfield>
        </datafield>
        <datafield tag="655" ind1=" " ind2="4">
            <subfield code="a">info:eu-repo/semantics/article</subfield>
            <subfield code="v">info:eu-repo/semantics/acceptedVersion</subfield>
        </datafield>
        <datafield tag="700" ind1=" " ind2=" ">
            <subfield code="a">Julia</subfield>
        </datafield>
        <datafield tag="700" ind1=" " ind2=" ">
            <subfield code="0">(orcid)0000-0002-1960-407X</subfield>
            <subfield code="a">Orini</subfield>
            <subfield code="u">Universidad de Zaragoza</subfield>
        </datafield>
        <datafield tag="700" ind1=" " ind2=" ">
            <subfield code="0">(orcid)0000-0003-3434-9254</subfield>
            <subfield code="a">Michele</subfield>
            <subfield code="u">Universidad de Zaragoza</subfield>
        </datafield>
        <datafield tag="700" ind1=" " ind2=" ">
            <subfield code="a">Pueyo</subfield>
        </datafield>
        <datafield tag="700" ind1=" " ind2=" ">
            <subfield code="a">Esther</subfield>
        </datafield>
        <datafield tag="700" ind1=" " ind2=" ">
            <subfield code="a">Laguna</subfield>
        </datafield>
        <datafield tag="700" ind1=" " ind2=" ">
            <subfield code="a">Pablo</subfield>
        </datafield>
        <datafield tag="710" ind1="2" ind2=" ">
            <subfield code="1">5008</subfield>
            <subfield code="2">800</subfield>
            <subfield code="a">Universidad de Zaragoza</subfield>
            <subfield code="b">Dpto. Ingeniería Electrón.Com.</subfield>
            <subfield code="c">Área Teoría Señal y Comunicac.</subfield>
        </datafield>
        <datafield tag="773" ind1=" " ind2=" ">
            <subfield code="g">44 (2017), [4 pp]</subfield>
            <subfield code="p">Comput. cardiol.</subfield>
            <subfield code="t">Computing in Cardiology</subfield>
            <subfield code="x">2325-8861</subfield>
        </datafield>
        <datafield tag="856" ind1="4" ind2=" ">
            <subfield code="s">301946</subfield>
            <subfield code="u">http://zaguan.unizar.es/record/69683/files/texto_completo.pdf</subfield>
            <subfield code="y">Postprint</subfield>
        </datafield>
        <datafield tag="856" ind1="4" ind2=" ">
            <subfield code="s">113379</subfield>
            <subfield code="u">http://zaguan.unizar.es/record/69683/files/texto_completo.jpg?subformat=icon</subfield>
            <subfield code="x">icon</subfield>
            <subfield code="y">Postprint</subfield>
        </datafield>
        <datafield tag="909" ind1="C" ind2="O">
            <subfield code="o">oai:zaguan.unizar.es:69683</subfield>
            <subfield code="p">articulos</subfield>
            <subfield code="p">driver</subfield>
        </datafield>
        <datafield tag="951" ind1=" " ind2=" ">
            <subfield code="a">2019-05-29-11:44:26</subfield>
        </datafield>
        <datafield tag="980" ind1=" " ind2=" ">
            <subfield code="a">ARTICLE</subfield>
        </datafield>
    </record>

    
</collection>